01346nam a2200277 a 4500001001000000005001700010041000800027044000700035084002000042100004500062245004100107260003000148300002300178500008900201500035900290500005900649500004300708500001000751546002400761650005200785650005600837650003400893650004500927700004600972740005001018BRCA_343620190320204301.0 aita ait a725b.A49c18191 aCervantes Saavedra, Miguel ded1547-161610aLe Luminose Geste di Don Chisciotte. aVeneciabAlvisopolic1819 a33 p.bil.c24 cm. aEdición : Disegnate e incise da Francesco Novelli in XXXIII Tavole con Spiegazioni aColección de láminas compuestas de aguafuertes de F. Novelli, acompañadas de explicaciones sucintas, tomadas de la fábula cervantina. Su D. Quijote, demasiado joven, parece más un fraile novicio que un caballero andante. Edición en rústica, impresa en excelente papel. Las ilustraciones de Novelli dejan bastante que desear Lúdovik Osterc aEstado físico : Encuadernación en papel maltratado aCon ex-libris de : Cortlandt F. Bishop aQM545 aTexto en : italiano14aNovela españolayÉpoca clásica, 1500-170014aLiteratura españolayÉpoca clásica, 1500-170014aNovela españolaySiglo XVII14aDon Quijote (Personaje ficticio)eNovela1 aNovelli, Francescod1764-1836eIlustrador0 aEl Ingenioso Hidalgo Don Quijote de la Mancha